| 000 | 01366nam a2200325 i 4500 | ||
|---|---|---|---|
| 003 | EG-GICUC | ||
| 005 | 20260409081458.0 | ||
| 008 | 260409s2008 ua ado|fr|||| 00| 0 ara d | ||
| 017 | _a2008/20475 | ||
| 040 |
_a EG-GICUC _bara _c EG-GICUC _d EG-GICUC _erda |
||
| 082 | 0 | 4 |
_221 _a341.77 _bاي . ق |
| 092 | 0 | 4 | _221 |
| 099 | _aLaw1 11 341.77 اي . ق 2008 | ||
| 100 | 0 |
_a أيمن راشد _eمؤلف. |
|
| 245 | 0 | 2 |
_aالقضاء الجنائي الدولي وحقوق الإنسان ( الطريق من نورمبرج إلى روما ) : _b( الطريق من نورمبرج إلى روما ) / _cالقاضي / أيمن راشد. |
| 250 | _aالطبعة الأولي، | ||
| 264 | 1 |
_aالقاهرة : _bوزارة الخارجية، _c2008. |
|
| 300 |
_aمختلف الترقيم : _bإيضاحيات، صور، _c24 سم. |
||
| 336 |
_2rda content _atext |
||
| 337 |
_2rda media _aComputer |
||
| 338 |
_2rda carrier _aOnline Resource |
||
| 546 | _aالنص باللغة العربية | ||
| 590 | _aإهداء مكتبة الأستاذ الدكتور صلاح عامر | ||
| 650 | 1 | 4 |
_aالقانون الدولى العام _2 |
| 651 | 1 | _2 | |
| 710 | 2 | _aمشروع دعم القدرات في مجال الحقوق الإنسان | |
| 856 | 4 | 0 | _uhttps://fll.law.cu.edu.eg/fulltext/bks/B11-09696.pdf |
| 905 | _a48 | ||
| 942 |
_2ddc _cBK _e21 _n0 |
||
| 999 |
_c69792 _d69792 |
||